Recortes Circulares de un Mapa Mundial - Estadísticas

Estadísticas generales
  • Esta prueba ha sido intentada 8.077 veces
  • La puntuación promedio es 8 de 12
Estadísticas de respuestas
Imagen Respuesta % Correcto
Albania | Grecia | Italia
97%
Bahamas | Cuba | República Dominicana | Haití | Jamaica
91%
Japón | Corea del Norte | Corea del Sur
91%
Yibuti | Eritrea | Etiopía | Somalia | Yemen
88%
China | India | Nepal | Pakistán
81%
Baréin | Catar | Arabia Saudita | Emiratos Árabes Unidos
79%
Argelia | Chad | Libia | Níger
67%
Dinamarca | Noruega | Reino Unido
64%
Canadá | Estados Unidos
58%
Australia
53%
Mongolia | Rusia
44%
Brasil | Colombia | Venezuela
34%
No se encontraron pruebas coincidentes
Distribución de puntuación
Porcentaje de gente con cada puntuación
Porcentaje por número respondido
Historial de tus puntuaciones
No has intentado esta prueba.